Normal view
MARC view
Entry Geographic Name
001 - CONTROL NUMBER
- control field: 12452
003 - CONTROL NUMBER IDENTIFIER
- control field: ARRUPE
005 - DATE AND TIME OF LATEST TRANSACTION
- control field: 20141106141635.0
008 - FIXED-LENGTH DATA ELEMENTS
- fixed length control field: 141106|| aca||aabn | a|a d
040 ## - CATALOGING SOURCE
- Original cataloging agency: ARRUPE
- Transcribing agency: ARRUPE
151 ## - HEADING--GEOGRAPHIC NAME
- Geographic name: Africa
- General subdivision: Antiquities.
670 ## - SOURCE DATA FOUND
- Source citation: Work cat.: (ARRUPE)0: Newman, James L. 12448, The peopling of Africa :, c1995.